000
00305nam a2200121Ia 4500
008
220216s9999 xx 000 0 und d
245
0
_a
Cycle of nutrients in rubber plantation
260
_b
Planters Bulletin
_c
1972
300
_a
73-81
650
_a
Nutrients
650
_a
Rubber plantation
942
_c
JS
999
_c
56688
_d
56688